00701cam a22002531 4500001001300000003000400013005001700017008004100034010001700075035002000092040001800112041001100130042001200141043001200153050001600165110005200181245005900233260001100292300001900303500003900322651002200361650004700383999001700430sa 68016876 DLC20260227112658.0900108s1968 ii 000 0 hino  asa 68016876  a(OCoLC)20860336 aDLCcWaUdDLC0 ahinurd apremarc aa-ii---00aDS423b.D152 aDakshiṇa Bhārata Hindī Pracāra Sabhā.10aBhāratīya bhāshāem̐, rāshṭrīya ekatā. c[1968] a144 p.c19 cm. aIn Hindi; some quotations in Urdu. 0aIndiaxLanguages. 0aLanguage and languagesxPolitical aspects. c87369d87369